000 01068nam0a22003131 4500
001 RU\NLR\INFOCOMM_109\5000016200
005 20250613091036.0
035 _a(NLR Aleph) 009088779
090 _a8028523
_c8028523
100 _a20081219d1977 |||y0rusy50 ca
101 1 _aeng
_drus
102 _aRU
105 _ay ||||000|y
200 1 _aRelativistic string with massive ends
_fBy B. M. Barbashov, V. V. Nesterenko
210 _a[Дубна
_d1977]
215 _a15 с.
_d22 см
225 1 _aˆ[‰Издания]
_f[Объедин. ин-т ядерных исследований]
_vЕ2-10385
300 _aРез. на рус. яз.
320 _aБиблиогр.: с. 14-15
606 _aСтруна релятивистская
_2nlr_sh1
686 _aВ313.21
_2rubbk
700 1 _9z01790
_aBarbašov
_bB. M.
_gBoris Michajlovič
_4070
701 1 _aNesterenko
_bV. V.
_gVladimir Vital'evič
_4070
790 1 _9z01700
_aBarbashov
_bB. M.
_4070
801 1 _aRU
_bNLR
_c20081219
801 0 _aRU
_bNLR
_gPSBO
852 _aNLR
_jП11-2061
942 _cBOOK
980 _aNB